000 00964nam a2200277 i 4500
003 DO-SdBNP
005 20230510151144.0
007 ta
008 230510b2022 dr ac||| |||| 00| 0 spa d
020 _a9789945222531
040 _aDO-SdBNP
_bspa
_cBNPHU
_erda
082 4 _222
100 1 _aArias M., José Manuel,
_d1976-
_983359
245 1 0 _aComplices de una historia /
_cJosé Manuel Arias M. ; prólogo Milciades Mejía
264 _aSan José de Ocoa, República Dominicana :
_bComisión Permanente de Efémerides Patrias,
_c2022.
300 _av. :
_bilustraciones y retratos ;
_c23 cm.
336 _2rdacontent
_atexto
_btxt
337 _2rdamedia
_asin mediación
_bn
338 _2rdacarrier
_avolumen
_bnc
500 _aIncluye datos biográficos del autor en las solapas
500 _aLa biblioteca posee el volumen 2
590 _aInventariado, 2023/BT
700 1 _aMejía, Milciades,
_eprólogo
_943514
910 _aBtavárez
942 _2ddc
_cLBS1
999 _c53479
_d53479